| 000 | 00428nam a22001697a 4500 | ||
|---|---|---|---|
| 008 | 211103b |||||||| |||| 00| 0 eng d | ||
| 020 | _a0865429611 | ||
| 050 |
_aQR183 _b.H39 2002 |
||
| 100 | _aHay, Frank C. | ||
| 245 |
_aPractical Immunology/ _cFrank C. Hay |
||
| 250 | _a4th ed. | ||
| 260 |
_aUK _bBlackwell _c2002 |
||
| 300 | _avii, 400p. | ||
| 650 | _aImmunology | ||
| 700 | _aWestwood, Olwyn, M. R. | ||
| 942 |
_2lcc _cBK |
||
| 999 |
_c19091 _d19090 |
||